[Event "18th Unive Open 2014"]
[Site "Hoogeveen NED"]
[Date "2014.10.14"]
[Round "4.22"]
[White "Van der Lende, Ilias"]
[Black "Mijnheer, Peter"]
[Result "1/2-1/2"]
[WhiteElo "2277"]
[BlackElo "2169"]
[WhiteFideId "1019260"]
[BlackFideId "1007408"]
[EventDate "2014.10.11"]

1. e4 c5 2. c3 d5 3. exd5 Qxd5 4. d4 Nc6 5. Nf3 cxd4 6. cxd4 e5 7. Nc3 Bb4 8.
Be2 Nxd4 9. Bd2 Bxc3 10. Bxc3 Nxf3+ 11. Bxf3 Qxd1+ 12. Rxd1 f6 13. Ba5 Bd7 14.
Bxb7 Rb8 15. Bd5 Ne7 16. Bb3 Nf5 17. Bc3 Ke7 18. Bc2 Be6 19. O-O Rhc8 20. Bxf5
Bxf5 21. Rd5 Rd8 22. Ra5 Rd7 23. Re1 Bd3 24. g4 Kf7 25. f3 Rb5 26. Ra3 Rbd5 27.
Kf2 Bb5 28. Re3 Rd1 29. Ra5 Bd3 30. a4 Rf1+ 31. Kg2 Ra1 32. Re1 Ra2 33. Rd1 e4
34. Kf2 Rc7 35. Bd4 Bc2 36. Rc1 Rc4 37. Rxa7+ Kg6 38. fxe4 Rxd4 39. Rxc2 Rdxa4
40. Rxa4 Rxa4 41. Kf3 Rb4 42. Kf4 h5 43. gxh5+ Kxh5 44. Re2 Rb3 45. Kf5 Rb5+ 46.
Kf4 Rb3 47. Rg2 Kh6 48. Kf5 Rb5+ 49. Ke6 Re5+ 50. Kd6 Rxe4 51. b3 Rb4 52. Rb2 f5
53. Kc5 Rb8 54. b4 g5 55. b5 g4 56. Kd6 Kg5 57. Kc7 Rf8 58. b6 f4 59. b7 g3 60.
Rd2 gxh2 61. Rxh2 f3 62. Rd2 Rf7+ 63. Kc6 Rxb7 64. Kxb7 Kf4 65. Rc2 1/2-1/2

[Event "18th Unive Open 2014"]
[Site "Hoogeveen NED"]
[Date "2014.10.14"]
[Round "4.23"]
[White "Colijn, Stefan"]
[Black "Gieben, Stijn"]
[Result "1-0"]
[WhiteElo "2259"]
[BlackElo "2157"]
[WhiteFideId "1016199"]
[BlackFideId "1034170"]
[EventDate "2014.10.11"]

1. d4 d5 2. Nf3 Nf6 3. c4 c6 4. Nc3 e6 5. e3 Nbd7 6. Qc2 a6 7. b3 Bd6 8. Bb2 O-O
9. Bd3 e5 10. cxd5 cxd5 11. dxe5 Nxe5 12. Nxe5 Bxe5 13. Ne2 Qa5+ 14. Bc3 Qc7 15.
Qb2 Bxc3+ 16. Qxc3 Qxc3+ 17. Nxc3 Be6 18. Ne2 Rac8 19. f3 Rc7 20. Kd2 Rfc8 21.
Rac1 Kf8 22. Rxc7 Rxc7 23. g4 g6 24. h4 Nd7 25. Nd4 Ke7 26. h5 Ne5 27. hxg6 hxg6
28. Rh7 Kd6 29. g5 Nc6 30. Nxe6 Kxe6 31. Bxg6 d4 32. exd4 Nxd4 33. Be4 Ke5 34.
g6 Ne6 35. g7 1-0

[Event "18th Unive Open 2014"]
[Site "Hoogeveen NED"]
[Date "2014.10.14"]
[Round "4.24"]
[White "Lorscheid, Gerhard"]
[Black "Mellema, Andries"]
[Result "1-0"]
[WhiteTitle "FM"]
[WhiteElo "2242"]
[BlackElo "2136"]
[WhiteFideId "4606000"]
[BlackFideId "1011464"]
[EventDate "2014.10.11"]

1. d4 Nf6 2. c4 c5 3. d5 b5 4. cxb5 a6 5. bxa6 g6 6. Nc3 Bxa6 7. Nf3 d6 8. e4
Bxf1 9. Kxf1 Bg7 10. h3 Nbd7 11. Kg1 O-O 12. Kh2 Qa5 13. Re1 Rfb8 14. Re2 Ne8
15. Rc2 Nc7 16. Bg5 Re8 17. Rac1 Nb5 18. Nxb5 Qxb5 19. b3 Ra7 20. Re2 Qb7 21.
Bf4 Rea8 22. Rcc2 Nf6 23. Qd3 Ra3 24. Bc1 R3a6 25. Kg1 Nd7 26. Bf4 Nf6 27. Red2
Qb4 28. Re2 Qb7 29. Bg3 Nh5 30. Bh2 Bh6 31. e5 Nf4 32. Bxf4 Bxf4 33. Qe4 Bh6 34.
Qh4 Kg7 35. Qc4 Qb4 36. Qd3 Kg8 37. h4 Qb7 38. h5 Bg7 39. Qe4 dxe5 40. Nxe5 e6
41. dxe6 Qxe4 42. exf7+ Kf8 43. Rxe4 Rxa2 44. Rxc5 gxh5 45. Rf4 Rd2 46. Nf3 Rd1+
47. Kh2 h4 48. Rxh4 h6 49. Rf4 Rd3 50. b4 Rb8 51. g3 Rd7 52. Ne5 Bxe5 53. Rxe5
Rdb7 54. Re6 1-0

[Event "18th Unive Open 2014"]
[Site "Hoogeveen NED"]
[Date "2014.10.14"]
[Round "4.25"]
[White "Hovenga, Alje"]
[Black "Den Hartog, Marijn"]
[Result "1-0"]
[WhiteElo "2201"]
[BlackElo "2127"]
[WhiteFideId "1005812"]
[BlackFideId "1046098"]
[EventDate "2014.10.11"]

1. d4 Nf6 2. c4 g6 3. Nc3 Bg7 4. e4 d6 5. Nf3 O-O 6. Be2 e5 7. Be3 exd4 8. Nxd4
Re8 9. f3 Bd7 10. Qd2 Nc6 11. O-O Nxd4 12. Bxd4 a5 13. Rac1 h5 14. Rfd1 Bc6 15.
b3 Kh7 16. Nd5 Nd7 17. Bxg7 Kxg7 18. Qd4+ f6 19. f4 Nc5 20. Bf3 Bd7 21. Re1 Ne6
22. Qd2 c6 23. Nc3 Qb6+ 24. Kh1 Qd4 25. Qxd4 Nxd4 26. Rcd1 c5 27. Ne2 Nxf3 28.
gxf3 Re6 29. f5 gxf5 30. Nf4 Re7 31. Nxh5+ Kg6 32. Nf4+ Kg5 33. Nd5 fxe4 34. f4+
Kh6 35. Nxe7 Bg4 36. Rxd6 1-0

[Event "18th Unive Open 2014"]
[Site "Hoogeveen NED"]
[Date "2014.10.14"]
[Round "4.26"]
[White "Hummel, Joop"]
[Black "Clemens, Adrian"]
[Result "0-1"]
[BlackTitle "FM"]
[WhiteElo "1975"]
[BlackElo "2195"]
[WhiteFideId "1012126"]
[BlackFideId "1006487"]
[EventDate "2014.10.11"]

1. d4 Nf6 2. Nf3 g6 3. g3 Bg7 4. c4 O-O 5. Bg2 d6 6. O-O c6 7. Nc3 Qa5 8. h3 e5
9. e4 Nbd7 10. Be3 Nb6 11. Qd3 exd4 12. Nxd4 Qa6 13. Nc2 d5 14. exd5 cxd5 15.
Nb4 Qxc4 16. Ncxd5 Nfxd5 17. Qxc4 Nxc4 18. Nxd5 Nxe3 19. Nxe3 Be6 20. Rac1 Bxb2
21. Rc7 Rab8 22. a4 Be5 23. Rxb7 Rxb7 24. Bxb7 Bxh3 25. Rb1 Be6 26. a5 Rd8 27.
Rb5 Bd4 28. Nd5 a6 29. Ne7+ Kf8 30. Nc6 axb5 31. Nxd8 Bd7 32. Nc6 Bxc6 33. Bxc6
b4 34. Bd5 Ke7 35. Kf1 f6 36. f3 Kd6 37. Bg8 h6 38. Ke2 Kc5 39. Kd3 Bf2 40. a6
Kb6 41. Kc4 Be1 42. Bh7 g5 43. g4 Kxa6 44. Bd3 Ka5 45. Bc2 Bc3 46. Kc5 Ka6 47.
Kc6 Ka7 48. Kd5 Kb6 49. Kc4 Kc6 50. Be4+ Kd6 51. Kd3 Ke5 52. Bb7 Kf4 53. Ke2 b3
54. Be4 h5 55. gxh5 g4 56. Kf2 f5 57. Bb1 Bd4+ 58. Ke2 g3 0-1

[Event "18th Unive Open 2014"]
[Site "Hoogeveen NED"]
[Date "2014.10.14"]
[Round "4.27"]
[White "Buckels, Valentin"]
[Black "Poznyak, Nazar"]
[Result "1-0"]
[WhiteElo "2179"]
[BlackElo "1824"]
[WhiteFideId "12942766"]
[BlackFideId "14159902"]
[EventDate "2014.10.11"]

1. d4 Nf6 2. c4 c5 3. d5 b5 4. cxb5 a6 5. b6 d6 6. Nc3 g6 7. Nf3 Bg7 8. e4 Nbd7
9. a4 Qxb6 10. Be2 O-O 11. O-O Rb8 12. Nd2 Ne8 13. Nc4 Qd8 14. Qc2 f5 15. exf5
Rxf5 16. Re1 Ne5 17. f4 Nxc4 18. Bxc4 Rf7 19. Qe2 Nf6 20. Bxa6 Ng4 21. g3 Bd4+
22. Kg2 Bf5 23. Nb5 Nf6 24. Nxd4 cxd4 25. Bc4 Be4+ 26. Kg1 Bxd5 27. a5 Qc7 28.
b3 Bxc4 29. Qxc4 Qa7 30. Bb2 d5 31. Qxd4 Qxd4+ 32. Bxd4 Ne4 33. a6 e6 34. a7 Ra8
35. Ra2 Rb7 36. Rb2 Raxa7 37. Bxa7 Rxa7 38. b4 Kf7 39. b5 Rb7 40. b6 Nd6 41.
Reb1 Nc4 42. Ra2 Rxb6 43. Ra7+ Kf6 44. Rxb6 Nxb6 45. Rxh7 Nc4 46. Rc7 Nd6 47.
Kf2 Kf5 48. Kf3 Kf6 49. g4 Nf7 50. g5+ Kg7 51. Re7 e5 52. Rd7 d4 53. fxe5 Kf8 1-0

[Event "18th Unive Open 2014"]
[Site "Hoogeveen NED"]
[Date "2014.10.14"]
[Round "4.28"]
[White "Groetzbach, Julian"]
[Black "Elgersma, Simon"]
[Result "1-0"]
[WhiteElo "2169"]
[BlackElo "1747"]
[WhiteFideId "24600938"]
[BlackFideId "1046101"]
[EventDate "2014.10.11"]

1. e4 e6 2. d4 d5 3. Nd2 Nf6 4. e5 Nfd7 5. f4 c5 6. Ngf3 Nc6 7. Nb3 f6 8. f5
cxd4 9. Nbxd4 exf5 10. e6 Nde5 11. Be3 Nxf3+ 12. Qxf3 Qa5+ 13. c3 Nxd4 14. Bxd4
Bxe6 15. Qh5+ Bf7 16. Qxf5 Bc5 17. O-O-O Bxd4 18. Rxd4 Qxa2 19. Bd3 Kf8 20. Qd7
Re8 21. Ra4 Qb3 22. Rb4 Qa2 23. Rxb7 d4 24. c4 Qa1+ 25. Bb1 1-0

[Event "18th Unive Open 2014"]
[Site "Hoogeveen NED"]
[Date "2014.10.14"]
[Round "4.29"]
[White "Oord, Raymon"]
[Black "Goossens, Hanne"]
[Result "0-1"]
[BlackTitle "WFM"]
[WhiteElo "1841"]
[BlackElo "2187"]
[WhiteFideId "1046110"]
[BlackFideId "200468"]
[EventDate "2014.10.11"]

1. c4 c5 2. Nc3 g6 3. g3 Bg7 4. Bg2 Nc6 5. e3 e6 6. Nge2 Nge7 7. O-O Nf5 8. e4
Nfd4 9. d3 O-O 10. Bf4 d6 11. h4 a6 12. Nxd4 Nxd4 13. Ne2 Rb8 14. Nxd4 Bxd4 15.
Qc2 b5 16. Rab1 b4 17. Be3 b3 18. axb3 Bxe3 19. fxe3 Qb6 20. Qf2 Qd8 21. Qc2 Qb6
22. Qf2 e5 23. Rfd1 Kg7 24. Kh2 Qxb3 25. Bf3 a5 26. Rd2 a4 27. Ra1 Bd7 28. Ra3
Qb4 29. g4 Rb7 30. Kg3 Rfb8 31. Bd1 Ra7 32. g5 Kg8 33. Re2 Qb6 34. Qf6 Be8 35.
h5 gxh5 36. Rh2 Qd8 37. Qh6 f6 38. gxf6 Bg6 39. Rf2 Rf7 40. Qg5 Kh8 41. Rxa4 Qd7
42. Kh2 Rbf8 43. b3 Qd8 44. Raa2 Rxf6 45. Rxf6 Qxf6 46. Qxf6+ Rxf6 47. Kg2 Kg7
48. b4 cxb4 49. Rb2 Kh6 50. Rxb4 Kg5 51. Be2 h4 52. Rb1 Bh5 53. Bxh5 Kxh5 54. d4
Kg4 55. dxe5 dxe5 56. c5 h3+ 57. Kg1 Kg3 58. Rc1 Rc6 59. Rc3 Kf3 60. Kh2 Kxe4
61. Kxh3 Kd5 62. Kg4 Rxc5 63. e4+ Kd4 64. Rh3 Kxe4 65. Rxh7 Rc1 66. Kg3 Rf1 67.
Kg2 Rf6 68. Rh3 Kd4 69. Ra3 e4 70. Ra4+ Ke5 71. Ra3 Rf7 72. Ra5+ Kf4 73. Kf2 Rh7
74. Ke2 Rb7 75. Ra2 Rb3 76. Ke1 Rh3 77. Rf2+ Ke3 78. Re2+ Kd3 79. Rd2+ Ke3 80.
Re2+ Kd4 81. Rd2+ Ke5 82. Ke2 Rh2+ 83. Ke3 Rh3+ 84. Ke2 Kf4 85. Kf1 Ke3 86. Ra2
Rh1+ 87. Kg2 Rd1 88. Ra3+ Rd3 89. Ra1 Ke2 90. Ra4 e3 91. Ra2+ Rd2 92. Ra1 Rb2
93. Rc1 Kd2 94. Rc8 e2 95. Rd8+ Ke1 96. Rd7 Rd2 97. Ra7 Rd8 98. Ra4 Kd2 99. Ra2+
Ke3 100. Ra3+ Rd3 101. Ra1 Rd1 102. Ra3+ Kd4 103. Ra4+ Kc3 104. Ra3+ Kb2 105.
Re3 e1=Q 0-1

[Event "18th Unive Open 2014"]
[Site "Hoogeveen NED"]
[Date "2014.10.14"]
[Round "4.30"]
[White "Hendriks, Richard"]
[Black "Hummel, Paul"]
[Result "0-1"]
[WhiteElo "2110"]
[BlackElo "2027"]
[WhiteFideId "1006096"]
[BlackFideId "1021168"]
[EventDate "2014.10.11"]

1. e4 c5 2. Nf3 Nc6 3. b3 e5 4. Bb2 d6 5. Bb5 Ne7 6. a4 g6 7. O-O Bg7 8. h3 O-O
9. Nc3 h6 10. Bc4 Kh7 11. Nd5 f5 12. exf5 Nxf5 13. Nh2 b6 14. Ng4 a6 15. Nge3
Rb8 16. Nxf5 gxf5 17. Qh5 b5 18. axb5 axb5 19. Bd3 c4 20. Be2 Be6 21. Ne3 f4 22.
Nd1 d5 23. Bg4 Bf7 24. Bf5+ Kg8 25. Bg6 Bxg6 26. Qxg6 Rf6 27. Qh5 Qd7 28. Re1
Rf5 29. Qg4 h5 30. Qe2 f3 31. gxf3 Rbf8 32. f4 Rxf4 33. Qxh5 Rf3 34. Re3 R3f5
35. Qe2 Rg5+ 36. Kh2 Nd4 37. Bxd4 exd4 38. Re7 Qd6+ 39. Kh1 Qh6 40. Qe6+ Qxe6
41. Rxe6 Rf3 42. Kh2 Be5+ 43. Rxe5 Rxe5 44. Kg2 Rf6 45. bxc4 dxc4 46. c3 Re1 47.
cxd4 b4 48. d5 Rf5 49. d6 Rd5 50. Ra8+ Kf7 51. Ne3 Rxd6 52. Nxc4 Rd4 53. Ne3
Rxd2 54. Rb8 Rxe3 55. Rxb4 Re6 56. Rb7+ Kg6 57. Rb1 Rf6 58. Rf1 Kh5 59. Kg3 Rg6+
60. Kf4 Rd4+ 61. Ke5 Rgd6 62. f4 R6d5+ 63. Ke6 Ra5 64. f5 Rb4 65. Kd7 Rb6 66. f6
Ra7+ 67. Ke8 Rb8# 0-1

[Event "18th Unive Open 2014"]
[Site "Hoogeveen NED"]
[Date "2014.10.14"]
[Round "4.31"]
[White "Sadallah, Osama"]
[Black "Smeets, Pierre"]
[Result "0-1"]
[WhiteElo "2108"]
[BlackElo "2044"]
[WhiteFideId "1002350"]
[BlackFideId "1043820"]
[EventDate "2014.10.11"]

1. d4 d5 2. c4 c6 3. cxd5 cxd5 4. Nc3 Nf6 5. Bf4 Qb6 6. Qd2 Nc6 7. e3 Bf5 8. f3
e6 9. Bb5 Rc8 10. Nge2 Be7 11. g4 Bg6 12. h4 h6 13. Kf2 Kf8 14. Nc1 Na5 15. Nd3
Rxc3 16. Qxc3 Qxb5 17. Ne5 Nc6 18. Nxg6+ fxg6 19. Qc2 Kf7 20. h5 g5 21. Qg6+ Kf8
22. Be5 Nxe5 23. dxe5 Qxb2+ 24. Kg3 Qxe5+ 25. Kg2 Bd6 26. f4 Qxe3 27. Rhf1 Bxf4
28. Qc2 Qg3+ 29. Kh1 Qh3+ 30. Kg1 Be3+ 0-1

[Event "18th Unive Open 2014"]
[Site "Hoogeveen NED"]
[Date "2014.10.14"]
[Round "4.32"]
[White "Lesmann, Francis"]
[Black "De Boer, Eelke"]
[Result "1-0"]
[WhiteElo "2090"]
[BlackElo "1795"]
[WhiteFideId "1001949"]
[BlackFideId "1048120"]
[EventDate "2014.10.11"]

1. Nf3 f5 2. d3 Nf6 3. e4 d6 4. Nc3 e5 5. Bg5 Be7 6. Qd2 O-O 7. exf5 Bxf5 8.
O-O-O Nbd7 9. d4 Ne4 10. Nxe4 Bxe4 11. Bxe7 Qxe7 12. Ng5 Bf5 13. Bc4+ Kh8 14.
Rhe1 h6 15. Ne4 Nb6 16. Bd3 Bxe4 17. Rxe4 Qf6 18. dxe5 dxe5 19. Rde1 Rae8 20. f4
Qf7 21. Rxe5 Rxe5 22. Rxe5 Qxa2 23. Qb4 Qg8 24. g3 c5 25. Rxc5 Re8 26. Re5 Rxe5
27. fxe5 Qd5 28. Qf8+ Qg8 29. Qf5 Na4 30. e6 Nc5 31. Qxc5 Qxe6 32. Qf8+ 1-0

[Event "18th Unive Open 2014"]
[Site "Hoogeveen NED"]
[Date "2014.10.14"]
[Round "4.33"]
[White "Weidmann, Kevin"]
[Black "Bakels, Anton"]
[Result "0-1"]
[WhiteElo "1883"]
[BlackElo "2056"]
[WhiteFideId "12939994"]
[BlackFideId "1046187"]
[EventDate "2014.10.11"]

1. e4 c5 2. Nf3 d6 3. d4 cxd4 4. Nxd4 Nf6 5. Nc3 a6 6. Bc4 e6 7. Bb3 Nbd7 8. f4
Nc5 9. Qf3 Be7 10. O-O Qc7 11. a3 Nxb3 12. cxb3 Bd7 13. f5 O-O 14. Bg5 d5 15.
Rae1 Bc5 16. Bxf6 gxf6 17. Ne2 e5 18. Qg3+ Kh8 19. Rf3 Bxd4+ 20. Nxd4 Qb6 21.
Qh4 Rg8 22. Ree3 exd4 23. Rh3 Rg7 24. Reg3 d3+ 25. Kf1 d2 26. Ke2 Qd4 27. Kd1
Bb5 28. Rxg7 Be2+ 29. Kxe2 d1=Q# 0-1

[Event "18th Unive Open 2014"]
[Site "Hoogeveen NED"]
[Date "2014.10.15"]
[Round "5.1"]
[White "Mikhalevski, Victor"]
[Black "Beliavsky, Alexander G"]
[Result "1-0"]
[WhiteTitle "GM"]
[BlackTitle "GM"]
[WhiteElo "2550"]
[BlackElo "2618"]
[WhiteFideId "2801914"]
[BlackFideId "14602377"]
[EventDate "2014.10.11"]

1. Nf3 d5 2. g3 c6 3. Bg2 g6 4. d4 Bg7 5. Nbd2 Nf6 6. c4 O-O 7. O-O Bf5 8. b3
Ne4 9. Bb2 a5 10. Nh4 Nxd2 11. Qxd2 Be6 12. f4 Qd7 13. e4 dxe4 14. Bxe4 Bh3 15.
Rfe1 a4 16. b4 a3 17. Bc3 Be6 18. Qd3 b5 19. cxb5 Bd5 20. Bxd5 Qxd5 21. Rxe7
cxb5 22. Qf3 Bxd4+ 23. Bxd4 Qxd4+ 24. Kg2 Qxa1 25. Qxa8 Qxa2+ 26. Kh3 Qc4 27.
Qxa3 Nc6 28. Rc7 Qe6+ 29. f5 Qd6 30. Rb7 Nd4 31. Qa7 Qf6 32. Qc5 Nxf5 33. Nxf5
gxf5 34. Qe3 Qg6 35. Rxb5 Qg4+ 36. Kg2 Rd8 37. Re5 Kg7 38. b5 Rc8 39. Qd3 Kf6
40. Re2 Kg6 41. Rb2 Qg5 42. Qd6+ f6 43. Qf4 Qh5 44. b6 Re8 45. Qf3 Qh6 46. b7
Qf8 47. Rb5 Qd6 48. Qxf5+ Kg7 49. Rd5 Qc6 50. Kh3 1-0

[Event "18th Unive Open 2014"]
[Site "Hoogeveen NED"]
[Date "2014.10.15"]
[Round "5.3"]
[White "Roiz, Michael"]
[Black "Romanishin, Oleg M"]
[Result "1/2-1/2"]
[WhiteTitle "GM"]
[BlackTitle "GM"]
[WhiteElo "2585"]
[BlackElo "2490"]
[WhiteFideId "2804158"]
[BlackFideId "14100088"]
[EventDate "2014.10.11"]

1. Nf3 Nf6 2. c4 d6 3. Nc3 g6 4. e4 Bg4 5. d4 Bxf3 6. Qxf3 Nc6 7. d5 Nd4 8. Qd1
e5 9. dxe6 Nxe6 10. g3 Bg7 11. Bg2 O-O 12. O-O Nd7 13. Bd2 a6 14. Qc1 Ne5 15. b3
c6 16. a4 a5 17. Rb1 Nd3 18. Qd1 1/2-1/2

[Event "18th Unive Open 2014"]
[Site "Hoogeveen NED"]
[Date "2014.10.15"]
[Round "5.4"]
[White "Heberla, Bartlomiej"]
[Black "Hambleton, Aman"]
[Result "1/2-1/2"]
[WhiteTitle "GM"]
[BlackTitle "IM"]
[WhiteElo "2567"]
[BlackElo "2456"]
[WhiteFideId "1115120"]
[BlackFideId "2606577"]
[EventDate "2014.10.11"]

1. c4 c5 2. Nf3 Nf6 3. Nc3 b6 4. e3 g6 5. d4 Bg7 6. d5 O-O 7. Bd3 e6 8. O-O exd5
9. cxd5 d6 10. h3 a6 11. a4 Bb7 12. e4 Qc7 13. Bf4 Nbd7 14. Re1 Rfe8 15. Bh2 c4
16. Bf1 Qc5 17. Rc1 Qb4 18. Rc2 Rac8 19. Bf4 Ne5 20. Nxe5 dxe5 21. Be3 Bf8 22.
h4 Bc5 23. Bg5 Nh5 24. Na2 Qxa4 25. Bxc4 Bd6 26. b3 Qd7 27. g3 f6 28. Be3 b5 29.
Bf1 Rxc2 30. Qxc2 f5 31. Bh3 Qf7 32. exf5 Bxd5 33. fxg6 hxg6 34. Qd3 Bf8 35. Nc3
Bxb3 36. Ne4 Qc4 37. Qd7 Qf7 38. Qd3 Qc4 39. Qd7 Qf7 40. Qc6 Bd5 41. Qc2 Be7 42.
Bg2 Ng7 43. Qd1 Rd8 44. Qa1 Qe6 45. Ng5 Bxg5 46. Bxg5 Bxg2 47. Kxg2 Re8 48. Qc3
Qd5+ 49. Kh3 Nf5 50. Qc7 Nd4 51. Rc1 Qf7 52. Qxf7+ Kxf7 53. Rc7+ Kg8 54. Rb7 a5
55. Kg4 Re6 56. Be7 b4 57. Kg5 Nf3+ 58. Kg4 e4 59. Bd8 Ne5+ 60. Kf4 Nc6 61. Bxa5
Nxa5 62. Rxb4 Nc6 63. Rxe4 Rd6 64. Kg4 Nd8 65. h5 Kg7 66. hxg6 Kxg6 1/2-1/2

[Event "18th Unive Open 2014"]
[Site "Hoogeveen NED"]
[Date "2014.10.15"]
[Round "5.5"]
[White "Guramishvili, Sopiko"]
[Black "Ernst, Sipke"]
[Result "0-1"]
[WhiteTitle "IM"]
[BlackTitle "GM"]
[WhiteElo "2381"]
[BlackElo "2555"]
[WhiteFideId "13602888"]
[BlackFideId "1004689"]
[EventDate "2014.10.11"]

1. Nf3 d5 2. g3 Nf6 3. Bg2 e6 4. O-O b5 5. d3 Bb7 6. c4 bxc4 7. dxc4 Nbd7 8.
cxd5 exd5 9. Nc3 Bb4 10. Bd2 O-O 11. Rc1 Be7 12. Bf4 c5 13. Nd2 Nb6 14. Nb3 Rc8
15. Bh3 d4 16. Nb5 g5 17. Bxc8 Qxc8 18. f3 gxf4 19. Nxc5 Qh3 20. Rf2 Ng4 21.
Nxb7 Nxf2 22. Qxd4 fxg3 23. hxg3 Qxg3+ 24. Kf1 Bh4 25. Rc6 Nh3 26. Qg4+ Qxg4 27.
fxg4 Nd5 28. Kg2 Nhf4+ 29. Kf3 Ng6 30. Rd6 Nf6 31. Nd4 Re8 32. Nf5 Ne5+ 33. Kg2
Bg5 34. Rd8 Rxd8 35. Nxd8 Nfxg4 36. Nb7 Ne3+ 37. Nxe3 Bxe3 38. Nd6 Bc5 39. Ne4
Bd4 40. b3 Kg7 41. Kg3 f5 42. Nd6 Kf6 43. e4 fxe4 44. Nxe4+ Kf5 45. Nd6+ Ke6 46.
Ne4 Be3 0-1

[Event "18th Unive Open 2014"]
[Site "Hoogeveen NED"]
[Date "2014.10.15"]
[Round "5.6"]
[White "Stocek, Jiri"]
[Black "Rudolf, Anna"]
[Result "1-0"]
[WhiteTitle "GM"]
[BlackTitle "WGM"]
[WhiteElo "2551"]
[BlackElo "2314"]
[WhiteFideId "304760"]
[BlackFideId "722855"]
[EventDate "2014.10.11"]

1. d4 d5 2. c4 e6 3. Nc3 Nf6 4. Bg5 Be7 5. e3 h6 6. Bxf6 Bxf6 7. Rc1 O-O 8. Nf3
c6 9. h4 Nd7 10. g4 Re8 11. g5 hxg5 12. hxg5 Bxg5 13. Nxg5 Qxg5 14. f4 Qg3+ 15.
Kd2 Nf6 16. Qe2 e5 17. fxe5 Bg4 18. Qg2 Nh5 19. Rg1 Qxg2+ 20. Rxg2 Bf3 21. Rf2
Bh1 22. cxd5 Bxd5 23. Nxd5 cxd5 24. Rc7 f6 25. Bg2 Rad8 26. Bf3 g6 27. Rg2 1-0

[Event "18th Unive Open 2014"]
[Site "Hoogeveen NED"]
[Date "2014.10.15"]
[Round "5.7"]
[White "Malaniuk, Vladimir P"]
[Black "Pranav Vijay"]
[Result "1/2-1/2"]
[WhiteTitle "GM"]
[WhiteElo "2495"]
[BlackElo "2197"]
[WhiteFideId "14100177"]
[BlackFideId "5091640"]
[EventDate "2014.10.11"]

1. d4 Nf6 2. c4 g6 3. Nc3 d5 4. cxd5 Nxd5 5. Bd2 Bg7 6. e4 Nb6 7. Be3 O-O 8. h3
e5 9. d5 c6 10. Qb3 cxd5 11. exd5 e4 12. Rd1 Re8 13. Bb5 Bd7 14. Nge2 Na6 15.
O-O Rc8 16. d6 Nc5 17. Qb4 Bxb5 18. Qxb5 Qd7 19. b4 Qxb5 20. Nxb5 Ncd7 21. Nxa7
Rc2 22. Nf4 Rxa2 1/2-1/2

[Event "18th Unive Open 2014"]
[Site "Hoogeveen NED"]
[Date "2014.10.15"]
[Round "5.8"]
[White "Bezemer, Arno"]
[Black "Ris, Robert"]
[Result "1/2-1/2"]
[WhiteTitle "FM"]
[BlackTitle "IM"]
[WhiteElo "2275"]
[BlackElo "2427"]
[WhiteFideId "1001396"]
[BlackFideId "1011480"]
[EventDate "2014.10.11"]

1. e4 c6 2. d4 d5 3. Nd2 dxe4 4. Nxe4 Bf5 5. Ng3 Bg6 6. Bc4 e6 7. N1e2 Bd6 8.
Nf4 Nf6 9. c3 Nbd7 10. h4 Bxf4 11. Bxf4 h6 12. Qf3 O-O 13. O-O-O Qa5 14. Bd6
Rfe8 15. Rhe1 Rac8 16. a3 c5 17. Bd3 Bxd3 18. Qxd3 Rc6 19. dxc5 Nxc5 20. Bxc5
Qxc5 21. Qd4 Rec8 1/2-1/2

[Event "18th Unive Open 2014"]
[Site "Hoogeveen NED"]
[Date "2014.10.15"]
[Round "5.9"]
[White "Tondivar, Babak"]
[Black "Kasparov, Sergey"]
[Result "0-1"]
[WhiteTitle "FM"]
[BlackTitle "GM"]
[WhiteElo "2288"]
[BlackElo "2484"]
[WhiteFideId "12501239"]
[BlackFideId "13500481"]
[EventDate "2014.10.11"]

1. d4 Nf6 2. Nf3 c5 3. d5 g6 4. Nc3 d6 5. e4 Bg7 6. Bb5+ Bd7 7. a4 O-O 8. O-O
Bxb5 9. axb5 Nbd7 10. Re1 Ne8 11. Bf4 Nc7 12. Qd3 Nb6 13. Ra5 Qd7 14. Rea1 a6
15. bxa6 bxa6 16. h3 Rfd8 17. Nd2 Rdb8 18. R1a2 f5 19. f3 Rf8 20. Be3 f4 21. Bf2
g5 22. Ncb1 h5 23. Na3 g4 24. fxg4 hxg4 25. hxg4 Qxg4 26. Qf3 Qxf3 27. gxf3 Kf7
28. Kf1 Rh8 29. Ke2 Rh2 30. c3 Bf6 31. Nf1 Rg2 32. Ke1 Rh8 33. Nc2 Nc4 0-1

[Event "18th Unive Open 2014"]
[Site "Hoogeveen NED"]
[Date "2014.10.15"]
[Round "5.10"]
[White "Antoli Royo, Joaquin Miguel"]
[Black "Henrich, Thomas"]
[Result "1-0"]
[WhiteTitle "IM"]
[WhiteElo "2450"]
[BlackElo "2227"]
[WhiteFideId "2259532"]
[BlackFideId "4640993"]
[EventDate "2014.10.11"]

1. d4 Nf6 2. Nf3 g6 3. Bg5 Bg7 4. Nbd2 c5 5. Bxf6 Bxf6 6. Ne4 Bxd4 7. Nxd4 cxd4
8. Qxd4 O-O 9. Qd2 Nc6 10. O-O-O Qa5 11. Qh6 Qe5 12. Nc3 d6 13. h4 Be6 14. e4
Rac8 15. h5 g5 16. g3 Qc5 17. Bd3 Nb4 18. f4 f6 19. e5 Rf7 20. Rhe1 Nxd3+ 21.
Rxd3 Qf2 22. Re2 Qg1+ 23. Rd1 Qxg3 24. exd6 Qxf4+ 25. Kb1 Qg4 26. dxe7 Re8 27.
b3 b5 28. Rd8 Bd7 29. Rd2 Rxe7 30. R2xd7 Rxd7 31. Rxe8+ Kf7 32. Qf8# 1-0

[Event "18th Unive Open 2014"]
[Site "Hoogeveen NED"]
[Date "2014.10.15"]
[Round "5.11"]
[White "Gonzalez De La Torre, Santiago"]
[Black "De Ruiter, Danny"]
[Result "1/2-1/2"]
[WhiteTitle "IM"]
[WhiteElo "2440"]
[BlackElo "2235"]
[WhiteFideId "2221667"]
[BlackFideId "1020650"]
[EventDate "2014.10.11"]

1. e4 c5 2. Nf3 e6 3. d4 cxd4 4. Nxd4 Nc6 5. Nc3 Qc7 6. g3 a6 7. Bg2 Nf6 8. O-O
Nxd4 9. Qxd4 Bc5 10. Bf4 d6 11. Qd2 h6 12. Rad1 e5 13. Be3 Be6 14. Bxc5 dxc5 15.
Nd5 Bxd5 16. exd5 O-O 17. d6 Qb6 18. Rfe1 Qxb2 19. c4 Qxd2 20. Rxd2 e4 21. Bxe4
Nxe4 22. Rxe4 f6 23. Rb2 Rf7 24. Re7 Rxe7 25. dxe7 b5 26. cxb5 axb5 27. Rxb5 Kf7
28. Rxc5 1/2-1/2

[Event "18th Unive Open 2014"]
[Site "Hoogeveen NED"]
[Date "2014.10.15"]
[Round "5.12"]
[White "Van Foreest, Lucas"]
[Black "Kramer, Julian"]
[Result "0-1"]
[WhiteElo "2314"]
[BlackElo "2147"]
[WhiteFideId "1039792"]
[BlackFideId "12921742"]
[EventDate "2014.10.11"]

1. e4 c5 2. Nf3 d6 3. c3 Nf6 4. Bd3 Nc6 5. Bc2 e5 6. O-O Be7 7. h3 Qc7 8. Qe2
O-O 9. Rd1 Re8 10. d3 h6 11. Nbd2 Bf8 12. Nf1 Ne7 13. Ne3 Ng6 14. Nh2 Be6 15.
Nhf1 Nf4 16. Qf3 d5 17. g4 Rad8 18. Ng2 dxe4 19. dxe4 Nxh3+ 20. Qxh3 Bxg4 21.
Qg3 Bxd1 22. Bxd1 Rxd1 23. Qf3 Red8 24. Ne3 R1d3 25. Ng3 Qc6 26. Qg2 c4 27. a4
Nh7 28. Nd5 Rd1+ 29. Kh2 R8xd5 30. exd5 Qxd5 31. Qxd5 Rxd5 32. Be3 Bc5 33. Bxc5
Rxc5 34. Rd1 Nf6 35. Nf5 Kh7 36. Nd6 Rc7 37. Nb5 Rd7 38. Rxd7 Nxd7 39. Nd6 Nc5
40. a5 Kg6 41. Nxc4 Kf6 42. b4 Ne4 43. b5 Nxc3 44. Nd6 Ke6 45. a6 bxa6 0-1